000 00282nam a22001457a 4500
020 _a978-81-317-2965-6
041 _aENG
100 _aBevan.T
245 _aTheory of Machines
250 _a3
260 _aNew Delhi
_bPearson
_c2018
300 _a621
650 _aFMP
856 _uFMP
999 _c53
_d53